Bio-based Rayon For Sustainable Tire Reinforcement (Record no. 75587)

MARC details
000 -LEADER
fixed length control field 00586nam a22001697a 4500
100 ## - MAIN ENTRY--AUTHOR NAME
Personal name Partes, C.
245 ## - TITLE STATEMENT
Title Bio-based Rayon For Sustainable Tire Reinforcement
260 ## - PUBLICATION, DISTRIBUTION, ETC. (IMPRINT)
Name of publisher International Rubber Conference-rubber Con 2024: Sustainable Development In Rubber Industry-challenges And Opportunities, 5-7 December 2024, Indian Rubber Institute, Kochi, India, P. 26.
Year of publication 2024
300 ## - PHYSICAL DESCRIPTION
Other physical details Abstract only
650 ## - SUBJECT ADDED ENTRY--TOPICAL TERM
Topical Term Bio-based
650 ## - SUBJECT ADDED ENTRY--TOPICAL TERM
Topical Term Sustainability
650 ## - SUBJECT ADDED ENTRY--TOPICAL TERM
Topical Term Tire reinforcement
650 ## - SUBJECT ADDED ENTRY--TOPICAL TERM
Topical Term Geo-textiles
700 ## - ADDED ENTRY--PERSONAL NAME
Personal name Kuhlmann, U.
942 ## - ADDED ENTRY ELEMENTS (KOHA)
Koha item type Journals
Holdings
Withdrawn status Lost status Damaged status Not for loan Home library Current library Date acquired Koha item type
        RRII Library RRII Library 19/09/2025 Journals